000 01125cam a2200265 i 4500
003 SA-RiAUC
005 20250826032426.0
008 250822s1992 su g 00000 ara c
040 _aSA-JeALM
_bara
_cSA-RiAUC
_erda
082 0 4 _a237.3
090 _a237.3
_bس ع د
100 1 _aالسعدي، حسين بن عبد الله الموجان،
_d1348-1395 هجري
_eمؤلف.
245 1 0 _aمعذرة المؤمنين إلى رب العالمين في الدعاء والأذكار /
_cتأليف حسين بن عبد الله الموجان السعدي.
250 _aالطبعة الأولى.
264 1 _aالباحة، السعودية :
_b[الناشر غير محدد]،
_c1992.
300 _a632 صفحة ؛
_c24 سم
336 _aنص
_btxt
_2rdacontent
_3كتاب
337 _aبدون وسيط
_bn
_2rdamedia
338 _aمجلد
_bnc
_2rdacarrier
500 _aإهداء من عبد الرحمن الموجان
650 7 _aالأدعية والأوراد
_2aucsh
650 7 _aالعبادات (فقه إسلامي)
_2aucsh
942 _2ddc
_cBOOK
_n0
949 _aSA-JeALM
_d250822
_umohamedma123
_n1
999 _c11099
_d11099